| 000 | 00826nam a2200277 a 4500 | ||
|---|---|---|---|
| 001 | 37792 | ||
| 003 | BD-RjUL | ||
| 005 | 20211209052645.0 | ||
| 008 | 150706s1994 ii b 100 0 eng | ||
| 035 | _a(BD-RjUL) 37897 | ||
| 040 |
_aDLC _cDLC _beng _dBD-RjUL |
||
| 041 | _aeng | ||
| 082 | 0 | 0 |
_a305.26/0954 _220 _bANT 1994 |
| 245 | 0 | 0 |
_aAnthropology of Ageing / _ceditor, V.S. Upadhyay. |
| 250 | _a1st ed. | ||
| 260 |
_aRanchi, India : _bV.S. Upadhyay, _c1994. |
||
| 300 |
_axxi, 211 p. ; _c25 cm. |
||
| 504 | _aIncludes bibliographical references. | ||
| 520 | _aSeminar papers. | ||
| 650 | 0 |
_aOlder people _zIndia _xSocial conditions. _9117050 |
|
| 650 | 0 |
_aAging _xCross-cultural studies. _9117051 |
|
| 700 | 1 |
_aUpadhyay, Vijay S. _9117052 |
|
| 942 |
_2ddc _cBK |
||
| 999 |
_c37792 _d37792 |
||